| 000 | 01677nam a2200301Ia 4500 | ||
|---|---|---|---|
| 999 |
_c46505 _d46505 |
||
| 001 | 13344 | ||
| 003 | GE_BSU | ||
| 005 | 20240904162714.0 | ||
| 008 | 181216s2014||||ge |||||||||||||| || || | ||
| 020 | _a9789941222610 | ||
| 040 | _cGE_BSU | ||
| 041 | _ageo | ||
| 080 | _a81'42+801.73+821.112.2.09 ფ-98 | ||
| 100 |
_aფურცელაძე, ვიოლა _923160 |
||
| 245 |
_aტექსტი როგორც ენობრივი მოღვაწეობის წერილობითი განცხადება : _b[მონოგრაფია] / _cვიოლა ფურცელაძე ; რედ.-გამომც. ნინო ქიმერიძე. |
||
| 250 | _aმე-2 შევსებული გამოცემა | ||
| 264 |
_aთბილისი : _bუნივერსალი, _c2014. |
||
| 300 |
_a390 გვ. ; _c24 სმ. |
||
| 500 | _aეძღვნება ავტ. შვილის კახა კაციტაძის ხსოვნას | ||
| 504 | _aბიბლიოგრ. : გვ. 375-388 | ||
| 520 | _aრეზიუმე გერმანულ ენაზე | ||
| 653 | _aტექსტი როგორც ენობრივი მოღვაწეობის წერილობითი განცხადება | ||
| 653 | _aტექსტის ლინგვისტიკა | ||
| 653 | _aტექსტის კრიტიკა და განმარტება | ||
| 653 | _aტექსტოლოგია | ||
| 700 |
_aქიმერიძე, ნინო _eრედაქტორი _923161 |
||
| 942 |
_cBK _2udc |
||